000 01108pam a22003014a 4500
999 _c8931
_d8931
001 8931
003 BD-JhCC
005 20180305191636.0
008 040706r20041929nju b 001 0 eng
020 _a0765808439 (alk. paper)
035 _a(BD-JhCC)8931
040 _aDLC
_cDLC
_dYDX
_dUKM
_dMYG
_dOrLoB-B
_dBD-JhCC
041 _aeng
050 0 0 _aPN1031.R48 2004
082 0 0 _a808.1
_222
_bRIC 1929
100 1 _aRichards, I. A.
_q(Ivor Armstrong),
_d1893-1979.
245 1 0 _aPractical criticism :
_ba study of literary judgment /
_cI.A. Richards ; with a new introduction by Richard Hoggart.
260 _aNew Brunswick, N.J. :
_bTransaction Publishers,
_cc2004.
300 _axviii, 362 p. ;
_c23 cm.
500 _aOriginally published: London : Kegan Paul, 1929.
504 _aIncludes bibliographical references and index.
505 0 0 _tIntroductory --
_tDocumentation --
_tAnalysis --
_tSummary and recommendations.
650 0 _aPoetry
_xHistory and criticism.
650 0 _aCriticism.
942 _2ddc
_cBK
949 0 _4IP
_ah
_bHUM
_cSTACK
_o0
_p39080028034103
_x01
_hPN1031.R48 2004